[Event "SN-2013-0-00548"]
[Site "LSS email"]
[Date "2013.10.31"]
[Round "?"]
[White "Maldonado, Juan Pablo"]
[Black "Holmquist, Marson C"]
[Result "0-1"]
[WhiteElo "500"]
[BlackElo "628"]
[PlyCount "36"]
[EventDate "2013.10.09"]
[EventType "tourn (corr)"]
[EventRounds "6"]
[EventCountry "GER"]
[SourceTitle "Telechess CBM 167"]
[Source "ChessBase"]
[SourceDate "2015.07.13"]
[SourceVersion "1"]
[SourceVersionDate "2015.07.13"]
[SourceQuality "1"]

1. e4 e5 2. Nf3 Nc6 3. Nc3 Bb4 4. Nd5 Nge7 5. Nxb4 Nxb4 6. Nxe5 d6 7. c3 dxe5 8. Qb3 Nbc6 9. Bc4 0-0 10. Qd1 Qd6 11. g3 Rd8 12. Qf3 Be6 13. b3 Bxc4 14. bxc4 Na5 15. Qe3 Nxc4 16. Qf3 Qc6 17. 0-0 Nf5 18. Qxf5 Nd6 0-1

[Event "LSS No Engine Cup 94 Preliminary 6"]
[Site "LSS email"]
[Date "2013.09.08"]
[Round "?"]
[White "Maldonado, Juan Pablo"]
[Black "Lonyuk, Bohdan"]
[Result "0-1"]
[WhiteElo "499"]
[BlackElo "1142"]
[PlyCount "56"]
[EventDate "2013.09.09"]
[EventType "tourn (corr)"]
[EventRounds "6"]
[EventCountry "GER"]
[SourceTitle "Telechess CBM 167"]
[Source "ChessBase"]
[SourceDate "2015.07.13"]
[SourceVersion "1"]
[SourceVersionDate "2015.07.13"]
[SourceQuality "1"]

1. e4 g6 2. Nh3 Bg7 3. Ng5 e6 4. Qf3 Qxg5 5. h4 Qa5 6. c3 c5 7. a3 Nc6 8. b4 cxb4 9. cxb4 Qc7 10. b5 Nd4 11. Qd1 Nc2+ 12. Ke2 Nxa1 13. Qa4 Qxc1 14. Nc3 Nc2 15. Nd1 Nd4+ 16. Ke3 Qc5 17. Kd3 Nxb5 18. e5 Bxe5 19. Ke2 Nf6 20. Ke1 Bd4 21. Bxb5 a6 22. Be2 b5 23. Bxb5 Rb8 24. Bd3 Rb1 25. Bxa6 Bxa6 26. Qxa6 0-0 27. Qd3 Qe5+ 28. Kf1 Rxd1# 0-1

[Event "LSS No Engine Cup 94 Preliminary 6"]
[Site "LSS email"]
[Date "2013.09.08"]
[Round "?"]
[White "Maldonado, Juan Pablo"]
[Black "Zmolil, Karel"]
[Result "0-1"]
[WhiteElo "499"]
[BlackElo "1178"]
[PlyCount "66"]
[EventDate "2013.09.09"]
[EventType "tourn (corr)"]
[EventRounds "6"]
[EventCountry "GER"]
[SourceTitle "Telechess CBM 167"]
[Source "ChessBase"]
[SourceDate "2015.07.13"]
[SourceVersion "1"]
[SourceVersionDate "2015.07.13"]
[SourceQuality "1"]

1. e4 e5 2. Nf3 Nf6 3. d3 Nc6 4. Nc3 Bc5 5. a3 Ng4 6. Bg5 Bxf2+ 7. Kd2 f6 8. Bh4 Bxh4 9. Nxh4 f5 10. exf5 Qg5+ 11. Ke1 Qxh4+ 12. g3 Qg5 13. Nd5 Kd8 14. h4 Qxf5 15. Rh2 Nxh2 16. Ne3 Qf7 17. Qe2 Nxf1 18. Nxf1 Nd4 19. Qe4 Nxc2+ 20. Kd1 Nxa1 21. Ne3 Rf8 22. Qxe5 Qf3+ 23. Kd2 Qf2+ 24. Kc3 Qf6 25. Qd4 d6 26. Nd5 Qxd4+ 27. Kxd4 c5+ 28. Kc3 Rf3 29. Kc4 Be6 30. d4 Bxd5+ 31. Kb5 Rb3+ 32. Ka4 a5 33. g4 b5# 0-1

[Event "RN-2013-0-00694"]
[Site "LSS email"]
[Date "2013.09.07"]
[Round "?"]
[White "Bortnicker, Justin"]
[Black "Maldonado, Juan Pablo"]
[Result "1-0"]
[WhiteElo "784"]
[BlackElo "500"]
[PlyCount "49"]
[EventDate "2013.08.28"]
[EventType "tourn (corr)"]
[EventRounds "6"]
[EventCountry "GER"]
[SourceTitle "Telechess CBM 163"]
[Source "ChessBase"]
[SourceDate "2014.11.11"]
[SourceVersion "2"]
[SourceVersionDate "2014.11.11"]
[SourceQuality "1"]

1. e4 e5 2. Bc4 Nf6 3. Nf3 Bd6 4. d4 Nxe4 5. dxe5 Nxf2 6. Kxf2 Bc5+ 7. Be3 Be7 8. Re1 d6 9. exd6 cxd6 10. Qd5 Bh4+ 11. Kg1 Be6 12. Qb5+ Bd7 13. Bg5+ Kf8 14. Bxd8 Bxb5 15. Re4 Bc6 16. Rxh4 Nd7 17. Ba5 Re8 18. Bb4 b5 19. Bb3 Re2 20. Kf1 Re3 21. Bxd6+ Kg8 22. Rf4 h6 23. Rxf7 b4 24. Re7+ Kf8 25. Rxe3# 1-0

[Event "RN-2013-0-00694"]
[Site "LSS email"]
[Date "2013.09.07"]
[Round "?"]
[White "Maldonado, Juan Pablo"]
[Black "Bester, Kazimierz"]
[Result "1-0"]
[WhiteElo "500"]
[BlackElo "713"]
[PlyCount "77"]
[EventDate "2013.08.28"]
[EventType "tourn (corr)"]
[EventRounds "6"]
[EventCountry "GER"]
[SourceTitle "Telechess CBM 163"]
[Source "ChessBase"]
[SourceDate "2014.11.11"]
[SourceVersion "2"]
[SourceVersionDate "2014.11.11"]
[SourceQuality "1"]

1. e4 d5 2. c4 dxe4 3. d4 Bf5 4. Qa4+ c6 5. d5 Bd7 6. Qc2 f5 7. Bg5 Nf6 8. Qb3 Qa5+ 9. Nc3 b5 10. cxb5 cxd5 11. 0-0-0 e6 12. Nge2 Qc7 13. Nd4 Be7 14. g3 0-0 15. f4 Bc5 16. Nxe6 Bxe6 17. Bxf6 Rxf6 18. Nxd5 Be3+ 19. Kb1 Bxd5 20. Qxd5+ Rf7 21. Qxa8 Bb6 22. Rc1 Qd8 23. Bc4 Be3 24. Bxf7+ Kxf7 25. Qb7+ Kg6 26. Rhd1 Bd2 27. Rc8 Qd3+ 28. Ka1 e3 29. Rxb8 e2 30. Qc6+ Kh5 31. Qe8+ g6 32. g4+ Kxg4 33. Rg1+ Kh3 34. Rd8 e1Q+ 35. Rxe1 Qc2 36. Re3+ Bxe3 37. Qxe3+ Kg4 38. Qg3+ Kh5 39. Qg5# 1-0

[Event "RN-2012-0-00556"]
[Site "LSS email"]
[Date "2012.11.08"]
[Round "?"]
[White "Hinestroza, Douglas"]
[Black "Maldonado, Juan Pablo"]
[Result "1-0"]
[WhiteElo "909"]
[BlackElo "1136"]
[PlyCount "67"]
[EventDate "2012.10.29"]
[EventType "tourn (corr)"]
[EventRounds "6"]
[EventCountry "GER"]
[SourceTitle "Corr 2022"]
[Source "ChessBase"]
[SourceDate "2021.10.24"]
[SourceVersion "1"]
[SourceVersionDate "2021.10.24"]
[SourceQuality "1"]

1. e4 Nc6 2. Nf3 e5 3. d4 f6 4. Bc4 Nge7 5. 0-0 d6 6. c3 exd4 7. cxd4 a6 8. Bf4 Bg4 9. Nc3 Nxd4 10. Qxd4 c5 11. Qxd6 Qc8 12. Rfd1 Nc6 13. Qc7 Be7 14. Qxc8+ Rxc8 15. Rac1 b5 16. Bb3 b4 17. Nd5 Rf8 18. Nxe7 Nxe7 19. Rd3 Rd8 20. Rcd1 Rxd3 21. Rxd3 f5 22. exf5 Bxf5 23. Re3 g6 24. Bd6 Kd7 25. Bxc5 Re8 26. Bxb4 Rc8 27. Rxe7+ Kd8 28. h3 Rc1+ 29. Re1 Rc6 30. Rd1+ Ke8 31. Ba4 Kf7 32. Bxc6 Kf6 33. Kf1 Kg7 34. Bb7 1-0

[Event "LSS No Engine Cup 76 Preliminary 4"]
[Site "LSS email"]
[Date "2012.11.08"]
[Round "?"]
[White "Lauer, Fredric"]
[Black "Maldonado, Juan Pablo"]
[Result "1-0"]
[WhiteElo "989"]
[BlackElo "563"]
[PlyCount "61"]
[EventDate "2012.11.09"]
[EventType "tourn (corr)"]
[EventRounds "6"]
[EventCountry "GER"]
[SourceTitle "Telechess CBM 161"]
[Source "ChessBase"]
[SourceDate "2014.07.16"]
[SourceVersion "1"]
[SourceVersionDate "2014.07.16"]
[SourceQuality "1"]

1. e4 e6 2. d4 Nf6 3. Bg5 h6 4. Bxf6 Qxf6 5. e5 Qf5 6. Bd3 Qg5 7. Bf1 Qf5 8. Nf3 Qe4+ 9. Be2 Bb4+ 10. c3 Be7 11. Nbd2 Qg6 12. 0-0 f5 13. exf6 Bxf6 14. Nc4 d6 15. Bd3 Qf7 16. Qe2 Qg6 17. Bxg6+ Ke7 18. Ne3 e5 19. dxe5 dxe5 20. Nd5+ Kf8 21. Nxc7 Nc6 22. Qc4 Ke7 23. Nxa8 Rd8 24. Qf7+ Kd6 25. Qc7+ Kc5 26. b4+ Kc4 27. Rac1 Rd3 28. Bxd3+ Kxd3 29. Qxc8 e4 30. Rfd1+ Ke2 31. Rd2# 1-0

[Event "LSS No Engine Cup 76 Preliminary 4"]
[Site "LSS email"]
[Date "2012.11.08"]
[Round "?"]
[White "Linart, Ludvik"]
[Black "Maldonado, Juan Pablo"]
[Result "1-0"]
[WhiteElo "869"]
[BlackElo "563"]
[PlyCount "91"]
[EventDate "2012.11.09"]
[EventType "tourn (corr)"]
[EventRounds "6"]
[EventCountry "GER"]
[SourceTitle "Telechess CBM 161"]
[Source "ChessBase"]
[SourceDate "2014.07.16"]
[SourceVersion "1"]
[SourceVersionDate "2014.07.16"]
[SourceQuality "1"]

1. d4 e6 2. c4 c6 3. Nc3 Nf6 4. Bg5 h6 5. Bxf6 gxf6 6. e3 Be7 7. Bd3 c5 8. Nf3 Rg8 9. dxc5 Bxc5 10. 0-0 Nc6 11. Na4 b6 12. a3 f5 13. b4 Bd6 14. Nd4 Ne5 15. c5 bxc5 16. bxc5 Bc7 17. Be2 Qg5 18. g3 Bb7 19. Re1 f4 20. exf4 Qg6 21. fxe5 Bxe5 22. Rb1 Qe4 23. Nf3 Bxg3 24. fxg3 Qe3+ 25. Kg2 h5 26. Rb3 Bxf3+ 27. Bxf3 Qg5 28. Rb7 Kf8 29. Rxd7 h4 30. Bh5 h3+ 31. Kxh3 Qf5+ 32. g4 Qf6 33. Rxf7+ Qxf7 34. Bxf7 Rh8+ 35. Kg3 Rb8 36. Bxe6 Rb7 37. Rf1+ Ke7 38. Qd6+ Ke8 39. Qc6+ Ke7 40. Qxb7+ Kxe6 41. Qf7+ Ke5 42. Qf6+ Kd5 43. Rf5+ Kc4 44. Rf4+ Kb3 45. Rb4+ Kxa3 46. Qb2# 1-0

[Event "RN-2012-0-00556"]
[Site "LSS email"]
[Date "2012.11.08"]
[Round "?"]
[White "Linart, Ludvik"]
[Black "Maldonado, Juan Pablo"]
[Result "1-0"]
[WhiteElo "947"]
[BlackElo "1136"]
[PlyCount "77"]
[EventDate "2012.10.29"]
[EventType "tourn (corr)"]
[EventRounds "6"]
[EventCountry "GER"]
[SourceTitle "Corr 2022"]
[Source "ChessBase"]
[SourceDate "2021.10.24"]
[SourceVersion "1"]
[SourceVersionDate "2021.10.24"]
[SourceQuality "1"]

1. d4 Nc6 2. Nf3 d6 3. c4 e6 4. Nc3 Be7 5. e4 Nf6 6. d5 exd5 7. cxd5 Ne5 8. Nxe5 dxe5 9. Bb5+ c6 10. Ba4 b5 11. Bc2 b4 12. Ne2 Bc5 13. 0-0 h6 14. Ba4 0-0 15. Bxc6 Rb8 16. Ng3 Rb6 17. Kh1 Bd7 18. Bxd7 Qxd7 19. Nf5 g6 20. Nxh6+ Kg7 21. f3 Rh8 22. Bg5 Rxh6 23. Bxh6+ Kxh6 24. Qc1+ Kg7 25. Qxc5 Qe8 26. Rac1 Rb8 27. Qxa7 Qh8 28. Rc7 Rf8 29. Rfc1 Ne8 30. Re7 Nf6 31. Rcc7 Kg8 32. Qb7 Rd8 33. Rc8 Rf8 34. Rxf8+ Kxf8 35. Rxf7+ Kg8 36. Re7 Kf8 37. d6 g5 38. Qc8+ Ne8 39. Qxe8# 1-0

[Event "RN-2012-0-00556"]
[Site "LSS email"]
[Date "2012.11.08"]
[Round "?"]
[White "Maldonado, Juan Pablo"]
[Black "Billion, Paul"]
[Result "0-1"]
[WhiteElo "1136"]
[BlackElo "996"]
[PlyCount "38"]
[EventDate "2012.10.29"]
[EventType "tourn (corr)"]
[EventRounds "6"]
[EventCountry "GER"]
[SourceTitle "Corr 2022"]
[Source "ChessBase"]
[SourceDate "2021.10.24"]
[SourceVersion "1"]
[SourceVersionDate "2021.10.24"]
[SourceQuality "1"]

1. b4 e5 2. c3 d5 3. Nf3 Bd6 4. d4 e4 5. Nfd2 Nf6 6. h3 0-0 7. e3 Nbd7 8. Be2 a6 9. a3 Nb6 10. Qb3 Be6 11. Qc2 Qd7 12. Bd1 c6 13. f4 exf3 14. Bxf3 Bg3+ 15. Kd1 Bf5 16. Qb3 Rfe8 17. Nf1 Bc7 18. Nbd2 Bd3 19. g4 Qe6 0-1

[Event "CP-2012-P-00015"]
[Site "LSS email"]
[Date "2012.10.01"]
[Round "?"]
[White "Jordaan, Wayne"]
[Black "Maldonado, Juan Pablo"]
[Result "1-0"]
[WhiteElo "1491"]
[BlackElo "500"]
[PlyCount "53"]
[EventDate "2012.10.05"]
[EventType "tourn (corr)"]
[EventRounds "6"]
[EventCountry "GER"]
[SourceTitle "Telechess CBM 163"]
[Source "ChessBase"]
[SourceDate "2014.11.11"]
[SourceVersion "2"]
[SourceVersionDate "2014.11.11"]
[SourceQuality "1"]

1. d4 Nc6 2. Nf3 e5 3. d5 Nce7 4. Nxe5 d6 5. Nf3 c6 6. e4 c5 7. Bb5+ Bd7 8. Qe2 a6 9. Bxd7+ Qxd7 10. 0-0 f5 11. e5 dxe5 12. Rd1 Rd8 13. Nxe5 Qc7 14. Bf4 Nxd5 15. Ng6+ Kd7 16. Rxd5+ Kc6 17. Bxc7 Rxd5 18. Nxh8 Kxc7 19. Nc3 Rd7 20. Qe6 Nf6 21. Qxf5 Rd2 22. Qf4+ Bd6 23. Qxd2 Ng4 24. Rd1 Bxh2+ 25. Kh1 h6 26. Qd7+ Kb6 27. Qxg4 1-0

[Event "SN-2012-0-00459"]
[Site "LSS email"]
[Date "2012.09.07"]
[Round "?"]
[White "Neil, Charles"]
[Black "Maldonado, Juan Pablo"]
[Result "0-1"]
[WhiteElo "665"]
[BlackElo "561"]
[PlyCount "66"]
[EventDate "2012.08.14"]
[EventType "tourn (corr)"]
[EventRounds "6"]
[EventCountry "GER"]
[SourceTitle "Telechess CBM 159"]
[Source "ChessBase"]
[SourceDate "2014.03.17"]
[SourceVersion "1"]
[SourceVersionDate "2014.03.17"]
[SourceQuality "1"]

1. d4 Nc6 2. c4 e6 3. Nc3 g5 4. e4 Qe7 5. Bd3 Nxd4 6. Nf3 e5 7. Bxg5 f6 8. Nxd4 exd4 9. Nd5 Qd6 10. Qh5+ Kd8 11. Bf4 Qc6 12. 0-0 b6 13. Bxc7+ Qxc7 14. Nxc7 Kxc7 15. Qf7 Nh6 16. Qxf6 Rg8 17. Qxd4 Bb7 18. Rac1 Re8 19. Rfd1 Nf5 20. exf5 Rxg2+ 21. Kf1 Bh6 22. Rc2 Reg8 23. c5 Rg1+ 24. Ke2 Re8+ 25. Be4 Rxe4+ 26. Qe3 Rxe3+ 27. fxe3 Ba6+ 28. Kd2 Rg2+ 29. Kc1 Bxe3+ 30. Kb1 Bd3 31. Rxd3 Rg1+ 32. Rd1 Rxd1+ 33. Rc1 Rxc1# 0-1